Recueil de monographies stratigraphiques sur le système crétacique du Portugal / (Record no. 48253)
[ view plain ]
| 000 -LEADER | |
|---|---|
| campo de control de longitud fija | 00590nam a22001575i 4500 |
| 001 - NÚMERO DE CONTROL | |
| campo de control | 48253 |
| 003 - IDENTIFICADOR DE NÚMERO DE CONTROL | |
| campo de control | ES-MaACL |
| 007 - CAMPO FIJO DE DESCRIPCIÓN FÍSICA--INFORMACIÓN GENERAL | |
| campo de control de longitud fija | t| |
| 008 - DATOS DE LONGITUD FIJA--INFORMACIÓN GENERAL | |
| campo de control de longitud fija | 950711s1885 po a ||||1| fre d |
| 040 ## - FUENTE DE CATALOGACIÓN | |
| Centro catalogador/agencia de origen | CAM |
| Lengua de catalogación | spa |
| Centro/agencia transcriptor | CAM |
| 100 1# - ENTRADA PRINCIPAL--NOMBRE DE PERSONA | |
| Nombre de persona | Choffat, Paul. |
| 9 (RLIN) | 38589 |
| 245 10 - MENCIÓN DEL TÍTULO | |
| Título | Recueil de monographies stratigraphiques sur le système crétacique du Portugal / |
| Mención de responsabilidad, etc. | par Paul Choffat. |
| 260 ## - PUBLICACIÓN, DISTRIBUCIÓN, ETC. | |
| Lugar de publicación, distribución, etc. | Lisbonne : |
| Nombre del editor, distribuidor, etc. | Section des travaux géologiques du Portugal, |
| Fecha de publicación, distribución, etc. | 1885 ( |
| Fabricante | Imprimerie de l'Academie Royale des Sciences) |
| 300 ## - DESCRIPCIÓN FÍSICA | |
| Extensión | [4], VII, 287 p., [3] h. pleg., [7] h. de lám. ; |
| Dimensiones | 32 cm. |
| 852 ## - LOCALIZACIÓN | |
| Ubicación | ES-MaACL |
| Número de control de estantería | G-6149 |
| Estatus retirado | Estado de pérdida | Estado de daño | No para préstamo | Colección | Biblioteca de origen | Biblioteca actual | Ubicación en estantería | Fecha de adquisición | Fuente de adquisición | Total de préstamos | Signatura topográfica completa | Código de barras | Visto por última vez | Precio de reemplazo | Tipo de ítem Koha |
|---|---|---|---|---|---|---|---|---|---|---|---|---|---|---|---|
| Libros del s. XIX | Biblioteca del Ateneo de Madrid | Biblioteca del Ateneo de Madrid | Depósito 2 | 17/01/2008 | G-6149 | 1050784 | 23/02/2023 | 23/02/2023 | Libro impreso antiguo |
